Итоги переписи скота по Воронежской области на 1 января 1935 года (Запись № 7249316)

Подробности
000 -МАРКЕР
контрольное поле 00835nam1a22002171i 4500
001 - ИДЕНТИФИКАТОР ЗАПИСИ
контрольное поле rc\3018849
005 - ИДЕНТИФИКАТОР ВЕРСИИ
контрольное поле 20240726014803.0
035 ## - ДРУГИЕ СИСТЕМНЫЕ НОМЕРА
Идентификатор записи (NLR Aleph) 007161039
100 ## - ДАННЫЕ ОБЩЕЙ ОБРАБОТКИ
Данные общей обработки 20110926d1935 |||y0rusy50 ca
101 0# - ЯЗЫК РЕСУРСА
Язык текста, звукозаписи и т.д. русский
102 ## - СТРАНА ПУБЛИКАЦИИ ИЛИ ПРОИЗВОДСТВА
Страна публикации Российская Федерация
105 ## - ПОЛЕ КОДИРОВАННЫХ ДАННЫХ: ТЕКСТОВЫЕ МАТЕРИАЛЫ, МОНОГРАФИЧЕСКИЕ
Кодированные данные о монографическом текстовом документе y z |||||
200 1# - ЗАГЛАВИЕ И СВЕДЕНИЯ ОБ ОТВЕТСТВЕННОСТИ
Основное заглавие Итоги переписи скота по Воронежской области на 1 января 1935 года
Сведения, относящиеся к заглавию Вып. 1-
Первые сведения об ответственности Упр. нар.-хоз. учета Ворон. обл.
210 ## - ПУБЛИКАЦИЯ, РАСПРОСТРАНЕНИЕ И ДР.
Место издания, распространения и т.д. Воронеж
Имя издателя, распространителя и т. д. Б. и.
Дата издания, распространения и т.д. 1935
Место изготовления [Тамбов]
Имя изготовителя тип. УМП
215 ## - ФИЗИЧЕСКАЯ ХАРАКТЕРИСТИКА
Размеры 29х18 см
712 01 - НАИМЕНОВАНИЕ ОРГАНИЗАЦИИ - ВТОРИЧНАЯ ОТВЕТСТВЕННОСТЬ
Начальный элемент ввода Воронежская область
Структурное подразделение Управление народно-хозяйственного учета
Код отношения Прочие
801 #0 - ИСТОЧНИК ЗАПИСИ
Страна Российская Федерация
Организация NLR
Правила каталогизации psbo
801 #1 - ИСТОЧНИК ЗАПИСИ
Страна Российская Федерация
Организация ELAR
Источник данных rusmarc
852 ## - МЕСТОНАХОЖДЕНИЕ И ШИФР ХРАНЕНИЯ
Идентификатор организации NLR
Шифр хранения (Call Number) 35-20/170(1)
942 ## - ДОПОЛНИТЕЛЬНЫЕ ЭЛЕМЕНТЫ ЗАПИСИ (АБИС)
Тип экземпляра АБИС Книга

Нет доступных экземпляров.